Prehry značkám neškodia

Sponzorovanie športu môže pomôcť firme pri zlepšovaní svojho imidžu. Sponzori upozorňujú na partnerstvo. Imidž a pozicioning. Nepriaznivý výsledok nemôže ovplyvniť značku sponzora.

Enregistré dans:
Détails bibliographiques
Auteur principal: Lesay, Juraj
Format: Chapitre de livre
Langue:slovaque
Sujets:
Tags: Ajouter un tag
Pas de tags, Soyez le premier à ajouter un tag!

MARC

LEADER 00000naa$a2200000$$$4500
001 0076830
005 20231128093009.6
041 0 |a slo 
044 |a SK 
245 1 0 |a Prehry značkám neškodia  |c Juraj Lesay 
520 |a Sponzorovanie športu môže pomôcť firme pri zlepšovaní svojho imidžu. Sponzori upozorňujú na partnerstvo. Imidž a pozicioning. Nepriaznivý výsledok nemôže ovplyvniť značku sponzora. 
610 2 0 |a sponzorovanie 
610 2 0 |a šport 
610 2 0 |a značky výrobkov 
610 2 0 |a značky výrobné 
610 2 0 |a značky kvality 
610 2 0 |a imidž 
100 1 |a Lesay, Juraj